History Quiz

Random History or Biography Quiz

Profile: George H. W. Bush Quiz Stats

Quiz Updated Jun 13, 2017

Challenge
Share
Tweet
Embed
Score 0/28 Timer 06:00
0 Plays Today
% Correct
Political PartyRepublican
96.3%
Children (Name One)George W., Pauline, John Ellis 'Jeb', Neil, Marvin, Dorothy
95.2%
Military Branch Served inUS Navy
93.1%
President Number41
92.9%
SpouseBarbara Pierce
92.7%
Year Elected President1988
92.5%
PredecessorRonald Reagan
92.4%
Year Ran for Reelection1992
90.5%
Democrat Opponent in that ElectionBill Clinton
89.6%
First Year Elected Vice President1980
89.2%
President Who Appointed Him Ambassador to U.N.Richard Nixon
84.9%
Alma MaterYale University
84.5%
Middle NamesHerbert Walker
84.3%
Led this Agency (1976-77)Central Intelligence Agency
84.2%
% Correct
Military Conflict Undertaken Against IraqThe Gulf War
80.9%
Nation Iraq Invaded to Prompt US InterventionKuwait
80.8%
Served as Special Envoy to this Asian Nation (1974-75)China
79.5%
Year of Birth1924
79.4%
Complete the Quote: 'Read my lips:...''No new taxes'
79.2%
Vice PresidentDan Quayle
77%
Third Party Challenger Who Received 18.9% of Popular VoteRoss Perot
76.9%
Secretary of Defense (a future VP)Dick Cheney
74.9%
Democrat Opponent in that ElectionMichael Dukakis
69.6%
First Elected Public Office HeldUS Representative from Texas
66%
State of BirthMassachusetts
63.7%
Supreme Court Justice Appointed (1991)Clarence Thomas
57.4%
University Location of Presidential LibraryTexas A&M
32.1%
Supreme Court Justice Appointed (1990)David Souter
25.7%

You're not logged in!

Compare scores with friends on all Sporcle quizzes.
Sign Up with Email
OR
Log In

You Might Also Like...

Show Comments

Extras

Top Quizzes Today


Score Distribution

Your Account Isn't Verified!

In order to create a playlist on Sporcle, you need to verify the email address you used during registration. Go to your Sporcle Settings to finish the process.